| 000 | 01281cam a2200313 a 4500 | ||
|---|---|---|---|
| 001 | 13350767 | ||
| 005 | 20221019180721.0 | ||
| 008 | 030924s2004 nyua 001 0 eng | ||
| 010 | _a 2003277029 | ||
| 015 | _aGBA2-V1640 | ||
| 020 | _a0471202150 | ||
| 035 | _a(OCoLC)ocm50582550 | ||
| 040 |
_aUKM _cUKM _dOCLCQ _dDLC |
||
| 042 | _alccopycat | ||
| 050 | 0 | 0 |
_aTA330 _b.H65 2004 |
| 082 | 0 | 4 |
_a620.0015118,HOL _221 |
| 100 | 1 |
_aHolloway, James Paul. _962879 |
|
| 245 | 1 | 0 |
_aIntroduction to engineering programming : _bsolving problems with algorithms / _cJames Paul Holloway. |
| 260 |
_aNew York : _bWiley, _c2004. |
||
| 300 |
_axx, 422 p. : _bill. ; _c24 cm. |
||
| 505 | _aIntroduction (Page-1), Sequence (Page-17), Iteration (Page-80), Selection (Page-146), Dealing with Data (Page-183), Array Semantics (Page-223), Aggregate Semantics (Page-294), Finite Space and Time (Page-346). | ||
| 650 | 0 | _aEngineering mathematics. | |
| 650 | 0 |
_aAlgorithms. _913771 |
|
| 650 | 0 | _aC++ (Computer program language) | |
| 856 | 4 | 2 |
_3Publisher description _uhttp://www.loc.gov/catdir/description/wiley041/2003277029.html |
| 856 | 4 | 1 |
_3Table of contents _uhttp://www.loc.gov/catdir/toc/wiley041/2003277029.html |
| 906 |
_a7 _bcbc _ccopycat _d2 _encip _f20 _gy-gencatlg |
||
| 942 |
_2ddc _cBK |
||
| 999 |
_c591973 _d591973 |
||